000 00217nam a2200097Ia 4500
008 220204s9999 xx 000 0 und d
082 _a82-7
_bSIE
100 _aSiegel, Larry
245 0 _aMad make out book
942 _cBK
999 _c35088
_d35088